| 000 | 01520nam a2200217Ia 4500 | ||
|---|---|---|---|
| 999 |
_c37981 _d37981 |
||
| 001 | 3964 | ||
| 003 | GE_BSU | ||
| 005 | 20190823170504.0 | ||
| 008 | 181216s1987||||ge |||||||||||||| ||geo|| | ||
| 040 | _cGE_BSU | ||
| 041 | _ageo | ||
| 080 | _a34(479.22)(094.4) ს–32 | ||
| 245 |
_aსაქართველოს სსრ კანონთა წიგნი : _bტ. 3. კარი II. კანონმდებლობა სოციალური განვითარებისა და კულტურის შესახებ. მოქალაქეთა სოციალურ-ეკონომიკური უფლებები/ _cსაქ. სსრ უმაღლ. საბჭოს პრეზიდიუმი, საქ. სსრ მინისტრთა საბჭო. |
||
| 264 |
_aთბ. : _bსაბჭ. საქართველო, _c1987. |
||
| 300 |
_a749 გვ. ; _b27 სმ. |
||
| 653 | _aსაქართველოს კანონთა კრებულები | ||
| 653 | _aსაქართველოს კანონი სოციალური განვითარების შესახებ | ||
| 653 | _a საქართველოს კანონი კულტურის შესახებ | ||
| 710 |
_a საქ. სსრ უმაღლ. საბჭოს პრეზიდიუმი, საქ. სსრ მინისტრთა საბჭო. _93773 |
||
| 942 |
_cBK _2udc |
||